ბათუმის შოთა რუსთაველის სახელმწიფო უნივერსიტეტის ბიბლიოთეკა

სხვა 25 თებერვალი:სამი გაზეთი თავისუფალი საქართველოსთვის (ბიბ.ჩანაწერი № 48273)

000 -LEADER
fixed length control field 00823nam a2200205Ia 4500
001 - CONTROL NUMBER
control field 15158
003 - CONTROL NUMBER IDENTIFIER
control field GE_BSU
008 - FIXED-LENGTH DATA ELEMENTS--GENERAL INFORMATION
fixed length control field 181216s||||||||xx |||||||||||||| ||und||
020 ## - INTERNATIONAL STANDARD BOOK NUMBER
International Standard Book Number 9789941064401
040 ## - CATALOGING SOURCE
Transcribing agency GE_BSU
080 ## - UNIVERSAL DECIMAL CLASSIFICATION NUMBER
Universal Decimal Classification number 94(479.22)’’1921.02’’
100 ## - MAIN ENTRY--PERSONAL NAME
Personal name მაცაბერიძე,მალხაზ
245 ## - TITLE STATEMENT
Title სხვა 25 თებერვალი:სამი გაზეთი თავისუფალი საქართველოსთვის
245 ## - TITLE STATEMENT
Statement of responsibility, etc. რედ.ლევან ნათაძე
260 ## - PUBLICATION, DISTRIBUTION, ETC.
Place of publication, distribution, etc. თბილისი
260 ## - PUBLICATION, DISTRIBUTION, ETC.
Date of publication, distribution, etc. 2014
300 ## - PHYSICAL DESCRIPTION
Extent 100გვ.20სმ.
653 ## - INDEX TERM--UNCONTROLLED
Uncontrolled term სხვა 25 თებერვალი:სამი გაზეთი თავისუფალი საქართველოსთვის
942 ## - ADDED ENTRY ELEMENTS (KOHA)
Koha item type წიგნი
ეგზემპლარები
Withdrawn status Lost status Damaged status Not for loan Date acquired Barcode Date last seen Price effective from Koha item type
        2018-12-17 38220 2018-12-17 2018-12-17 წიგნი